000
00303nam a22001457a 4500
008
210310b ||||| |||| 00| 0 eng d
020
_a
9780070450479
041
_a
eng
080
_a
004
082
_a
004
100
_a
28
101
_a
SHKI
245
_a
Hands-On ATM
_c
Dysan,D.E
942
_2
udc
_c
BK
999
_c
56183
_d
56183